Teoría general de las obligaciones
Uloženo v:
| Hlavní autor: | |
|---|---|
| Médium: | Kniha |
| Jazyk: | španělština |
| Vydáno: |
Santiago
LexisNexis
2003
|
| Edice: | Colección Estudiantil
|
| Témata: | |
| Tagy: |
Přidat tag
Žádné tagy, Buďte první, kdo vytvoří štítek k tomuto záznamu!
|
MARC
| LEADER | 00000nam a2200000 a 4500 | ||
|---|---|---|---|
| 001 | UCL6963 | ||
| 003 | CL-VaPUC | ||
| 008 | 040423e20030000CL |||||||||||||||||spa|d | ||
| 020 | |a 9562383962 | ||
| 082 | 0 | 4 | |a 346.8302 |b LAR |2 21 |
| 100 | |a Larraín Ríos, Hernán |e autor |9 587673 | ||
| 245 | 1 | 0 | |a Teoría general de las obligaciones |
| 300 | |a 600 p | ||
| 942 | |c BK | ||
| 945 | |d 20040423 00:00:00 |a cmena | ||
| 260 | |a Santiago |b LexisNexis |c 2003 | ||
| 650 | 0 | |a Derecho civil chileno |9 320612 | |
| 650 | 0 | |a Normas jurídicas |9 258310 | |
| 650 | 0 | |a Obligaciones |9 255578 | |
| 650 | 0 | |a Contratos |9 255153 | |
| 651 | 7 | |a CHILE |2 CL-VaPUC |9 484630 | |
| 583 | |a last modification |c 20040423 00:00:00 |k Rodrigo Vera | ||
| 490 | 0 | |a Colección Estudiantil | |
| 999 | |c 308839 |d 308837 | ||
| 952 | |0 0 |1 0 |4 0 |6 346_830200000000000_LAR_2003 |7 0 |8 A |9 375732 |a BIBDER |b BIBDER |d 2019-11-21 |i 4008499 |l 7 |m 1 |o 346.8302 LAR 2003 |p 4008499 |r 2025-01-08 |s 2025-01-08 |w 2019-11-21 |y BK |k DER | ||